Rezervy

Gespeichert in:
Bibliographische Detailangaben
1. Verfasser: Kastlerová, Sylvia
Format: Buchkapitel
Sprache:Slowakisch
Tags: Tag hinzufügen
Keine Tags, Fügen Sie das erste Tag hinzu!

MARC

LEADER 00000naa$a2200000$$$4500
001 0063144
005 20240502071725.3
041 0 |a slo 
044 |a SK 
245 1 0 |a Rezervy  |c Sylvia Kastlerová 
100 1 |a Kastlerová, Sylvia